<?xml version="1.0" encoding="UTF-8"?>
<record
    xmlns:xsi="http://www.w3.org/2001/XMLSchema-instance"
    xsi:schemaLocation="http://www.loc.gov/MARC21/slim http://www.loc.gov/standards/marcxml/schema/MARC21slim.xsd"
    xmlns="http://www.loc.gov/MARC21/slim">

  <leader>00687nam a22001577a 4500</leader>
  <controlfield tag="008">250216b        |||||||| |||| 00| 0 eng d</controlfield>
  <datafield tag="020" ind1=" " ind2=" ">
    <subfield code="a">9789937876704</subfield>
  </datafield>
  <datafield tag="082" ind1=" " ind2=" ">
    <subfield code="2">23rd</subfield>
    <subfield code="a">Ne895.49</subfield>
    <subfield code="b">An565r</subfield>
  </datafield>
  <datafield tag="100" ind1="1" ind2=" ">
    <subfield code="a">&#x905;&#x938;&#x902;&#x92C;&#x930;&#x947;, &#x935;&#x93F;&#x91C;&#x92F;&#x930;&#x924;&#x94D;&#x928;</subfield>
  </datafield>
  <datafield tag="241" ind1=" " ind2=" ">
    <subfield code="a">Ramshekhar naka:miya jigu nuga:kha / Vijay Ratna Asanbare.</subfield>
  </datafield>
  <datafield tag="245" ind1=" " ind2=" ">
    <subfield code="a">&#x930;&#x93E;&#x92E;&#x936;&#x947;&#x916;&#x930; &#x928;&#x915;:&#x92E;&#x93F;&#x92F;&#x93E; &#x91C;&#x93F;&#x917;&#x941; &#x928;&#x941;&#x917;:&#x916;&#x901; /</subfield>
    <subfield code="c">&#x935;&#x93F;&#x91C;&#x92F;&#x930;&#x924;&#x94D;&#x928; &#x905;&#x938;&#x902;&#x92C;&#x930;&#x947;.</subfield>
  </datafield>
  <datafield tag="260" ind1=" " ind2=" ">
    <subfield code="a">&#x932;&#x932;&#x93F;&#x924;&#x92A;&#x941;&#x930; :</subfield>
    <subfield code="b">&#x928;&#x947;&#x935;&#x93E;:&#x91C;&#x93E;&#x917;&#x930;&#x923; &#x92E;&#x91E;&#x94D;&#x91A;,</subfield>
    <subfield code="c">&#x967;&#x967;&#x969;&#x969;&#x928;&#x947;&#x938;&#x902;.</subfield>
  </datafield>
  <datafield tag="300" ind1=" " ind2=" ">
    <subfield code="a">viii,  58p. ; ill.</subfield>
  </datafield>
  <datafield tag="650" ind1=" " ind2=" ">
    <subfield code="a">&#x928;&#x947;&#x935;&#x93E;&#x930;&#x940; &#x938;&#x93E;&#x939;&#x93F;&#x924;&#x94D;&#x92F;</subfield>
    <subfield code="9">37164</subfield>
  </datafield>
  <datafield tag="942" ind1=" " ind2=" ">
    <subfield code="2">ddc</subfield>
    <subfield code="c">ISBN</subfield>
  </datafield>
  <datafield tag="999" ind1=" " ind2=" ">
    <subfield code="c">120301</subfield>
    <subfield code="d">120289</subfield>
  </datafield>
  <datafield tag="952" ind1=" " ind2=" ">
    <subfield code="0">0</subfield>
    <subfield code="1">0</subfield>
    <subfield code="2">ddc</subfield>
    <subfield code="4">0</subfield>
    <subfield code="7">0</subfield>
    <subfield code="a">TUCL</subfield>
    <subfield code="b">TUCL</subfield>
    <subfield code="d">2025-02-16</subfield>
    <subfield code="l">0</subfield>
    <subfield code="o">Ne895.49 An565r</subfield>
    <subfield code="p">IS27871</subfield>
    <subfield code="r">2025-02-16 11:46:52</subfield>
    <subfield code="w">2025-02-16</subfield>
    <subfield code="y">ISBN</subfield>
  </datafield>
</record>
